000 00726nam a2200265Ia 4500
005 20260121173634.0
008 008 260114s9999 xx 000 0 eng d
020 _a9783319025056
037 _aEBOOK
040 _aCRL
040 _beng
040 _cCRL
041 _2eng
041 _aeng
084 _qCRL
100 _aM.A. (Ken) Clements Nerida F. Ellerton
_91103361
245 0 _aThomas Jefferson and his Decimals 1775?1810: Neglected Years in the History of U.S. School Mathematics
260 _bSpringer
260 _bSpringer
260 _c2015
856 _uhttps://link.springer.com/openurl?genre=book&isbn=978-3-319-02505-6
942 _cEBOOK
999 _c1669106
_d1669106